[Event "ChFRA - Open C"]
[Site "Val d'Isere"]
[Date "2002.??.??"]
[Round "1.1"]
[White "Boillaud, Philippe"]
[Black "Bui, Duy-Dan"]
[Result "1-0"]
[WhiteElo "1700"]
[BlackElo "1450"]
[PlyCount "41"]
[EventDate "2002.08.??"]
[SourceDate "2002.08.21"]

1. e4 e5 2. Nc3 Nf6 3. f4 Nc6 4. Nf3 d6 5. fxe5 dxe5 6. Bc4 Bc5 7. d3 h6 8. Qe2
Bg4 9. Be3 Qd6 10. Nb5 Qe7 11. Bxc5 Qxc5 12. Nxc7+ Ke7 13. c3 Rad8 14. Nd5+ Kf8
15. h3 Bh5 16. b4 Qd6 17. O-O g5 18. Qf2 Rh7 {#} 19. Nxg5 $1 Rg7 20. Nxf6 hxg5
21. Nxh5 1-0

[Event "ChFRA - Open C"]
[Site "Val d'Isere"]
[Date "2002.??.??"]
[Round "1.2"]
[White "Meaudre, Marianne"]
[Black "Burghwout, Petrus"]
[Result "0-1"]
[WhiteElo "1450"]
[BlackElo "1700"]
[PlyCount "78"]
[EventDate "2002.08.??"]
[SourceDate "2002.08.21"]

1. e4 Nc6 2. d4 e5 3. d5 Nce7 4. Bg5 h6 5. Bh4 g5 6. Bg3 Ng6 7. Nd2 Bc5 8. h3
Nf6 9. Qe2 c6 10. Nb3 Bd6 11. O-O-O Nf4 12. Bxf4 gxf4 13. g4 cxd5 14. exd5 Qe7
15. c4 b6 16. Qc2 Bb7 17. Ne2 Rc8 18. Nc3 Bb4 19. Bg2 Ba6 20. c5 Bxc5 21. Nxc5
Rxc5 22. Rhe1 O-O 23. Qf5 Rfc8 24. Qxe5 Rxc3+ 25. bxc3 Qa3+ 26. Kb1 Rxc3 27.
Be4 Bc4 28. Rd2 Nxe4 29. Qxe4 Bd3+ 30. Rxd3 Rxd3 31. Qe8+ Qf8 32. Qe4 Rxh3 33.
Qxf4 Rd3 34. Qe4 Rd2 35. Qa4 Rxd5 36. f4 Qd6 37. g5 Rd4 38. Re8+ Kg7 39. gxh6+
Kxh6 0-1

[Event "ChFRA - Open C"]
[Site "Val d'Isere"]
[Date "2002.??.??"]
[Round "1.3"]
[White "Gaudino, Frederic"]
[Black "Stojanovic, Dmitri"]
[Result "1-0"]
[WhiteElo "1700"]
[BlackElo "1450"]
[PlyCount "41"]
[EventDate "2002.08.??"]
[SourceDate "2002.08.21"]

1. e4 c5 2. f4 d6 3. Nf3 Nc6 4. Bb5 Bd7 5. Nc3 e6 6. O-O Nf6 7. d3 d5 8. Qe2 a6
9. Bxc6 Bxc6 10. Bd2 Be7 11. e5 Nd7 12. Rae1 O-O 13. Nd1 b6 14. Ne3 Re8 15. Qf2
d4 16. Nd1 Bxf3 17. Qxf3 Qc7 18. Nf2 Bh4 19. g3 Be7 20. Ne4 Qc6 21. Nf6+ 1-0

[Event "ChFRA - Open C"]
[Site "Val d'Isere"]
[Date "2002.??.??"]
[Round "1.4"]
[White "Boutchenik, Anastasia"]
[Black "Jophe, Jacky"]
[Result "1-0"]
[WhiteElo "1440"]
[BlackElo "1700"]
[PlyCount "41"]
[EventDate "2002.08.??"]
[SourceDate "2002.08.21"]

1. d4 d5 2. Nf3 Nf6 3. e3 e6 4. Bd3 c6 5. b3 Be7 6. Bb2 b5 7. Nbd2 Bb7 8. Ne5
O-O 9. O-O Nbd7 10. f4 Kh8 11. Rf3 Ng8 12. Rh3 Ndf6 13. Ndf3 Ne4 14. Bxe4 dxe4
15. Nd2 c5 16. Qh5 Nh6 17. dxc5 Qxd2 18. Nxf7+ Kg8 19. Nxh6+ gxh6 20. Qxh6 Kf7
21. Qh5+ 1-0

[Event "ChFRA - Open C"]
[Site "Val d'Isere"]
[Date "2002.08.??"]
[Round "1.5"]
[White "Ballester, Regis"]
[Black "Fevre, Mathieu"]
[Result "1-0"]
[WhiteElo "1690"]
[BlackElo "1440"]
[PlyCount "83"]
[EventDate "2002.08.??"]
[SourceDate "2002.08.21"]

1. e4 e5 2. Nf3 Nc6 3. Bc4 Bc5 4. c3 Nf6 5. b4 Bb6 6. d3 d6 7. h3 O-O 8. Bg5 h6
9. Bh4 a5 10. b5 Na7 11. a4 c6 12. bxc6 bxc6 13. O-O Bb7 14. Nbd2 d5 15. exd5
cxd5 16. Bb3 Nc6 17. Rb1 Ba6 18. c4 g5 19. Bg3 Re8 20. Re1 Bc7 21. Rc1 Nb4 22.
Nf1 e4 23. Bxc7 Qxc7 24. cxd5 Qf4 25. dxe4 Nd3 26. e5 Ne4 27. Rxe4 Qxe4 28. Bc2
Rac8 29. Rb1 Qc4 30. Ne3 Qa2 31. Bxd3 Bxd3 32. Qxd3 Qxa4 33. Nf5 Red8 34. Ne7+
Kg7 35. Nxc8 Rxc8 36. d6 Qa2 37. d7 Rd8 38. Rd1 a4 39. Nd4 Qb2 40. Nc6 a3 41.
Nxd8 a2 42. Qf1 1-0

[Event "ChFRA - Open C"]
[Site "Val d'Isere"]
[Date "2002.??.??"]
[Round "2.1"]
[White "Vandewiele, Benoit"]
[Black "Boillaud, Philippe"]
[Result "1-0"]
[WhiteElo "1550"]
[BlackElo "1700"]
[PlyCount "31"]
[EventDate "2002.08.??"]
[SourceDate "2002.08.21"]

1. e4 e5 2. Nf3 Nc6 3. d4 exd4 4. Nxd4 Qh4 5. Nc3 Bc5 6. Be3 a6 7. Nf5 Qf6 8.
Bxc5 d6 9. Nd5 Qe5 10. Nxc7+ Kd8 11. Qxd6+ Qxd6 12. Bxd6 Bxf5 13. Nxa8 Kd7 14.
O-O-O Bxe4 15. Bf8+ Ke6 16. Bxg7 1-0

[Event "ChFRA - Open C"]
[Site "Val d'Isere"]
[Date "2002.??.??"]
[Round "2.2"]
[White "Burghwout, Petrus"]
[Black "Latrou, Arnaud"]
[Result "1-0"]
[WhiteElo "1700"]
[BlackElo "1500"]
[PlyCount "33"]
[EventDate "2002.08.??"]
[SourceDate "2002.08.21"]

1. Nc3 d5 2. e4 dxe4 3. Nxe4 Nc6 4. Bb5 Qd5 5. Qe2 Bf5 6. f3 O-O-O 7. Bxc6 Qxc6
8. d3 e5 9. Be3 Bb4+ 10. Kf2 Bxe4 11. fxe4 Bc5 12. Qg4+ Kb8 13. Qxg7 Bxe3+ 14.
Kxe3 Qxc2 15. Ne2 Rxd3+ 16. Kf2 Rd2 17. Qf8+ 1-0

[Event "ChFRA - Open C"]
[Site "Val d'Isere"]
[Date "2002.??.??"]
[Round "2.3"]
[White "Netzer, Jacques"]
[Black "Gaudino, Frederic"]
[Result "0-1"]
[WhiteElo "1540"]
[BlackElo "1700"]
[PlyCount "72"]
[EventDate "2002.08.??"]
[SourceDate "2002.08.21"]

1. e4 e5 2. Nf3 Nf6 3. Nxe5 d6 4. Nf3 Nxe4 5. d3 Nf6 6. g3 Be7 7. Bg2 O-O 8.
O-O Nbd7 9. Bf4 Nc5 10. Nc3 Bg4 11. Qd2 Ne6 12. Rfe1 c6 13. Qe3 Bxf3 14. Qxf3
d5 15. Bd2 Bd6 16. h4 Nd7 17. Bh3 Nd4 18. Qg4 Ne5 19. Rxe5 Bxe5 20. Re1 Bf6 21.
Ne2 Nxe2+ 22. Rxe2 Re8 23. Rxe8+ Qxe8 24. b3 Qe7 25. c4 Rd8 26. Be3 b6 27. h5
dxc4 28. dxc4 c5 29. h6 g6 30. Qf4 Qd6 31. Qe4 Qe7 32. Qf3 Bg5 33. Bxg5 Qxg5
34. Qe3 Qxe3 35. fxe3 Rd1+ 36. Kf2 Rd2+ 0-1

[Event "ChFRA - Open C"]
[Site "Val d'Isere"]
[Date "2002.??.??"]
[Round "2.4"]
[White "Chiu, Valerie"]
[Black "Ballester, Regis"]
[Result "1/2-1/2"]
[WhiteElo "1520"]
[BlackElo "1690"]
[PlyCount "41"]
[EventDate "2002.08.??"]
[SourceDate "2002.08.21"]

1. d4 Nf6 2. Nf3 e6 3. e3 b6 4. Bd3 Bb7 5. Nbd2 c5 6. c3 Be7 7. O-O Nc6 8. Qe2
d5 9. dxc5 Bxc5 10. e4 dxe4 11. Nxe4 Be7 12. Bf4 Nh5 13. Be3 Qc7 14. Rad1 Nf4
15. Bxf4 Qxf4 16. Bc2 Qc7 17. Rd2 O-O 18. Rfd1 Rad8 19. Rxd8 Rxd8 20. Rxd8+
Qxd8 21. Qd3 1/2-1/2

[Event "ChFRA - Open C"]
[Site "Val d'Isere"]
[Date "2002.??.??"]
[Round "2.5"]
[White "Levers, Christelle"]
[Black "Mesas, Michel"]
[Result "1/2-1/2"]
[WhiteElo "1520"]
[BlackElo "1690"]
[PlyCount "82"]
[EventDate "2002.08.??"]
[SourceDate "2002.08.21"]

1. d4 Nf6 2. Nf3 g6 3. Bf4 Bg7 4. e3 O-O 5. c4 d6 6. Nc3 Nbd7 7. Rc1 c5 8. d5
Nh5 9. Bg3 Nxg3 10. hxg3 e5 11. dxe6 fxe6 12. Qxd6 Re8 13. Be2 b6 14. Nd2 Be5
15. Qd3 Bb7 16. Bf3 Bxf3 17. gxf3 Qe7 18. Nde4 Rad8 19. Qc2 Nf6 20. Ke2 Rf8 21.
f4 Nxe4 22. Nxe4 Bf6 23. Rcd1 Qg7 24. b3 Be7 25. Rd3 Rxd3 26. Qxd3 Rd8 27. Qc2
Qf7 28. Rd1 Rxd1 29. Qxd1 Qf5 30. Qd3 a6 31. a4 Qh5+ 32. Kd2 Qf5 33. f3 h5 34.
Qd7 Qf8 35. Qxe6+ Kh7 36. Qxb6 Qg7 37. Kc2 Qa1 38. Ng5+ $2 (38. Qa7 {
gagne le Fou; par exemple:} 38... Qa2+ 39. Kd3 Qxb3+ 40. Nc3) 38... Bxg5 39.
fxg5 (39. Qb7+ Kh8 40. Qb8+ Kg7 41. Qa7+ Kf8 42. Qa8+ Kg7 43. fxg5 Qa2+ 44. Kc3
Qa1+ 45. Kd3 Qb1+ 46. Kd2 Qb2+ 47. Ke1 Qc3+ 48. Kf2) 39... Qa2+ 40. Kd3 Qb1+
41. Kd2 Qb2+ 1/2-1/2

[Event "ChFRA - Open C"]
[Site "Val d'Isere"]
[Date "2002.08.??"]
[Round "3.1"]
[White "Feller, Celine"]
[Black "Burghwout, Petrus"]
[Result "1-0"]
[WhiteElo "1590"]
[BlackElo "1700"]
[PlyCount "62"]
[EventDate "2002.08.??"]
[SourceDate "2002.08.21"]

1. e4 Nc6 2. d4 e5 3. dxe5 Nxe5 4. f4 Nc6 5. Be3 d6 6. Nc3 Nf6 7. Bc4 Qe7 8.
Bd3 d5 9. e5 d4 10. exf6 Qxe3+ 11. Nce2 Bb4+ 12. Kf1 Bg4 13. f5 gxf6 14. h3
Bxe2+ 15. Qxe2 Qxe2+ 16. Nxe2 O-O-O 17. Bc4 Ne5 18. Bb3 h5 19. Ng3 h4 20. Ne4
Rh5 21. c3 Rxf5+ 22. Ke2 dxc3 23. bxc3 Be7 24. g4 hxg3 25. Nxg3 Rf3 26. Ne4
Rdd3 27. Raf1 Rfe3+ 28. Kf2 Rxe4 29. h4 Rf3+ 30. Kg2 Re2+ 31. Kg1 Bc5+ 1-0

[Event "ChFRA - Open C"]
[Site "Val d'Isere"]
[Date "2002.08.??"]
[Round "3.2"]
[White "Gaudino, Frederic"]
[Black "Hazarabedian, Guy"]
[Result "1-0"]
[WhiteElo "1700"]
[BlackElo "1600"]
[PlyCount "61"]
[EventDate "2002.08.??"]
[SourceDate "2002.08.21"]

1. e4 e6 2. d4 d5 3. e5 c5 4. c3 a6 5. Nf3 Nc6 6. Be2 Qb6 7. O-O cxd4 8. cxd4
Nge7 9. Na3 Nf5 10. Nc2 Be7 11. b3 Bd7 12. Bb2 Rc8 13. Kh1 O-O 14. Bd3 Rfe8 15.
g4 Nh4 16. Rg1 Ng6 17. Qd2 Nb4 18. Nxb4 Qxb4 19. Qe3 Nf8 20. g5 Qa5 21. Rg4 Bb5
{#} 22. Bxh7+ Nxh7 23. g6 fxg6 24. Rxg6 Bf8 25. a4 Bd7 26. Rag1 Re7 27. Ba3 Rf7
28. Bxf8 Kxf8 29. Rxg7 $1 Be8 30. Ng5 Nxg5 31. Qxg5 1-0

[Event "ChFRA - Open C"]
[Site "Val d'Isere"]
[Date "2002.08.??"]
[Round "3.3"]
[White "Wolfangel, Claude"]
[Black "Pottier, Frederic"]
[Result "1-0"]
[WhiteElo "1680"]
[BlackElo "1600"]
[PlyCount "131"]
[EventDate "2002.08.??"]
[SourceDate "2002.08.21"]

1. d4 g6 2. c4 Bg7 3. Nc3 Nf6 4. e4 d6 5. Nf3 O-O 6. Be2 e5 7. dxe5 dxe5 8.
Qxd8 Rxd8 9. Bg5 Re8 10. O-O-O c6 11. Nxe5 h6 12. Bxf6 Bxf6 13. Ng4 Bxg4 14.
Bxg4 Bxc3 15. bxc3 Na6 16. f3 Nc5 17. Rd6 Rad8 18. Rhd1 Rxd6 19. Rxd6 Re7 20.
Kc2 h5 21. Bh3 Kg7 22. g4 Re5 23. Rd2 Ne6 24. gxh5 Rxh5 25. Bg4 Rg5 26. Bxe6
fxe6 27. a4 b5 28. cxb5 cxb5 29. axb5 Rxb5 30. Rd7+ Kf6 31. Rxa7 Rh5 32. Kd3
Rxh2 33. c4 g5 34. c5 Rh3 35. Kd4 Rxf3 36. c6 e5+ 37. Kc4 Ke6 38. Rg7 Kd6 39.
Rxg5 Kxc6 40. Rg6+ Kd7 41. Kd5 Rf7 42. Kxe5 Re7+ 43. Kf5 Rf7+ 44. Rf6 Re7 45.
Rf8 Kd6 46. Rd8+ Kc7 47. Rd5 Rf7+ 48. Ke6 Rh7 49. Rf5 Kc6 50. e5 Rh8 51. Rf6
Kc5 52. Ke7 Ra8 53. Rd6 Rh8 54. Rd1 Rh7+ {=} 55. Kf6 Rh6+ 56. Kf7 Rh7+ 57. Kg6
Re7 58. Kf6 Rh7 59. e6 Rh6+ 60. Kf7 Rh7+ 61. Kg6 Ra7 62. Kf6 Ra6 63. Kf7 Ra4
64. Ke8 Kc6 65. e7 Rf4 66. Kd8 1-0

[Event "ChFRA - Open C"]
[Site "Val d'Isere"]
[Date "2002.08.??"]
[Round "3.5"]
[White "Caron, Sebastien"]
[Black "Marchal, Thomas"]
[Result "1-0"]
[WhiteElo "1670"]
[BlackElo "1590"]
[PlyCount "93"]
[EventDate "2002.08.??"]
[SourceDate "2002.08.21"]

1. e4 e5 2. Nf3 Nc6 3. d4 exd4 4. Nxd4 Bc5 5. Be3 Bxd4 6. Bxd4 Nf6 7. Nc3 O-O
8. Be3 h6 9. Bd3 Re8 10. O-O d6 11. f3 Be6 12. Qd2 Kf8 13. a3 d5 14. exd5 Bxd5
15. Rae1 Be6 16. Bf4 Nh5 17. Bxh6 gxh6 18. Qxh6+ Ng7 19. Qh8+ Ke7 20. Qxg7 Rg8
{#} 21. Rxe6+ Kxe6 22. Bc4+ Kf5 23. g4+ Kf4 24. Qxf7+ Kg5 25. Ne4+ Kh6 26. Qf4+
Kg7 27. Bxg8 Qd4+ 28. Kh1 Rxg8 29. Qxc7+ Kh8 30. Qd6 Qe3 31. Qd3 Qh6 32. Qc3+
Rg7 33. Nf6 Qg5 34. Nh5 Ne5 35. Nxg7 Qxg7 36. Qc8+ Kh7 37. Qf5+ Ng6 38. b4 Kg8
39. Qg5 Kf7 40. h4 Ne5 41. Qxg7+ Kxg7 42. Kg2 Kf6 43. Kg3 Nc4 44. h5 Ne5 45.
Rh1 Nf7 46. h6 Nh8 47. f4 1-0

[Event "ChFRA - Open C"]
[Site "Val d'Isere"]
[Date "2002.08.??"]
[Round "3.4"]
[White "Przybylek, Claire"]
[Black "Auque, Aurelien"]
[Result "1-0"]
[WhiteElo "1590"]
[BlackElo "1670"]
[PlyCount "53"]
[EventDate "2002.08.??"]
[SourceDate "2002.08.21"]

1. e4 c5 2. Nc3 Nc6 3. Bc4 e6 4. Nf3 a6 5. d4 b5 6. Be2 cxd4 7. Nxd4 Bb7 8. O-O
Bb4 9. Qd3 Nge7 10. Bd2 Ng6 11. Nxc6 dxc6 12. f4 Bc5+ 13. Kh1 Qe7 14. Rad1 O-O
15. f5 exf5 16. exf5 Ne5 17. Qg3 Bd6 18. Bf4 f6 19. h4 Bc8 20. Be3 Ng4 21. Qxg4
Qxe3 22. Rxd6 g6 23. Ne4 Kg7 24. Rxc6 Bb7 25. Rc7+ Rf7 26. Rxf7+ Kxf7 27. Nd6+
1-0

[Event "ChFRA - Open C"]
[Site "Val d'Isere"]
[Date "2002.08.??"]
[Round "4.1"]
[White "Burghwout, Petrus"]
[Black "Przybylek, Claire"]
[Result "1-0"]
[WhiteElo "1700"]
[BlackElo "1590"]
[PlyCount "107"]
[EventDate "2002.08.??"]
[SourceDate "2002.08.21"]

1. Nc3 e5 2. Nf3 Nc6 3. d4 exd4 4. Nxd4 Qf6 5. Ndb5 Bd6 6. Nxd6+ Qxd6 7. Qxd6
cxd6 8. Bf4 Nge7 9. O-O-O O-O 10. Bxd6 Rd8 11. e4 b6 12. Bc4 Ng6 13. f4 Bb7 14.
Rhf1 Re8 15. g3 Rac8 16. Bb5 a6 17. Bd3 b5 18. e5 Nge7 19. Be4 Ba8 20. Nd5 Nxd5
21. Bxd5 a5 22. a3 b4 23. Bxc6 Bxc6 24. axb4 Ba4 25. Rd2 axb4 26. Bxb4 Ra8 27.
Rf3 Reb8 28. Rd4 Rc8 29. Rc3 Bc6 30. Ra3 Rxa3 31. Bxa3 Ra8 32. f5 Ra5 33. e6
fxe6 34. fxe6 dxe6 35. c4 Re5 36. Kd2 Kf7 37. Bd6 Ra5 38. g4 h6 39. h4 Ba4 40.
Rf4+ Kg6 41. Be7 Ra7 42. h5+ Kh7 43. Bd6 Rd7 44. c5 Bb3 45. Kc3 Bd5 46. b4 g6
47. hxg6+ Kxg6 48. b5 Kg5 49. Rd4 Kf6 50. Rxd5 exd5 51. c6 Rd8 52. c7 Rc8 53.
b6 Ke6 54. b7 1-0

[Event "ChFRA - Open C"]
[Site "Val d'Isere"]
[Date "2002.08.??"]
[Round "4.2"]
[White "Deleva, Mathias"]
[Black "Gaudino, Frederic"]
[Result "1-0"]
[WhiteElo "1620"]
[BlackElo "1700"]
[PlyCount "113"]
[EventDate "2002.08.??"]
[SourceDate "2002.08.21"]

1. e4 e5 2. Nf3 Nf6 3. Nxe5 d6 4. Nf3 Nxe4 5. Qe2 Qe7 6. d3 Nf6 7. Bg5 Qxe2+ 8.
Bxe2 c6 9. O-O Be7 10. Nc3 Na6 11. d4 Nc7 12. Bd3 Ne6 13. Rfe1 Bd7 14. Bxf6
Bxf6 15. d5 cxd5 16. Nxd5 Bd8 17. Rad1 O-O 18. Bf5 g6 19. Bxe6 fxe6 20. Nc3 Bc7
21. Ne4 Rad8 22. Nxd6 Bc6 23. Rxe6 Rf5 24. Rd2 Rd5 25. Rxd5 Bxd5 26. Re8+ Rxe8
27. Nxe8 Bd8 28. b3 b5 29. Nd6 a6 30. c4 bxc4 31. Nxc4 Be7 32. Kf1 Be4 33. Ke2
Bc5 34. g3 h6 35. Nfe5 Kg7 36. f3 Bb1 37. Kd2 g5 38. Nd3 Bg1 39. h3 Bh2 40. g4
Bg1 41. a4 h5 42. Na3 hxg4 43. hxg4 Bxd3 44. Kxd3 Kf6 45. Nc4 Bc5 46. Ke4 Ke6
47. f4 gxf4 48. Kxf4 Kd5 49. Ne3+ Kd4 50. Nc2+ Kd3 51. b4 Bd6+ 52. Kf5 Kxc2 53.
b5 axb5 54. axb5 Bc5 55. g5 Kc3 56. g6 Kb4 57. g7 1-0

[Event "ChFRA - Open C"]
[Site "Val d'Isere"]
[Date "2002.08.??"]
[Round "4.3"]
[White "Poirier, Benoit"]
[Black "Wolfangel, Claude"]
[Result "0-1"]
[WhiteElo "1610"]
[BlackElo "1680"]
[PlyCount "140"]
[EventDate "2002.08.??"]
[SourceDate "2002.08.21"]

1. e4 e6 2. d4 d5 3. Nc3 Bb4 4. e5 c5 5. a3 Bxc3+ 6. bxc3 Qc7 7. Be3 cxd4 8.
Bxd4 a6 9. Bd3 Nc6 10. Ne2 Nxe5 11. f4 Nxd3+ 12. Qxd3 f6 13. Qg3 Nh6 14. O-O
Nf5 15. Qf3 Bd7 16. Rfe1 O-O-O 17. Bf2 Bc6 18. Bd4 Nd6 19. Qe3 Qf7 20. Nc1 e5
21. fxe5 fxe5 22. Qxe5 Rhe8 23. Qg3 Rxe1+ 24. Qxe1 Re8 25. Qg3 g6 26. Nd3 Nf5
27. Qf2 Qe7 28. Bc5 Qe2 29. Re1 Qxf2+ 30. Kxf2 Rxe1 31. Nxe1 Kd7 32. Nd3 Ke6
33. g3 Ba4 34. Ne1 Ke5 35. Kf3 Nd6 36. Bxd6+ $6 Kxd6 37. Ke3 Kc5 38. Kd3 Bb5+
39. Kd2 Bf1 40. Nd3+ Kb5 41. Kc1 Kc4 42. Nf4 g5 43. Ne6 h6 44. Kb2 Bh3 45. Nd8
b5 46. Nf7 Be6 47. Ne5+ Kc5 48. Nd3+ Kd6 49. Kb3 a5 50. Kb2 Bf5 51. Kc1 Bxd3
52. cxd3 Kc5 53. d4+ Kc4 54. Kc2 g4 55. Kb2 b4 56. cxb4 axb4 57. a4 Kxd4 58. a5
Kc5 59. a6 Kb6 60. a7 Kxa7 61. Kb3 Kb6 62. Kxb4 Kc6 63. Kc3 Kc5 64. Kd3 d4 65.
Kd2 Kc4 66. Kc2 d3+ 67. Kd1 Kc3 68. Kc1 d2+ 69. Kd1 Kd3 70. h4 gxh3 0-1

[Event "ChFRA - Open C"]
[Site "Val d'Isere"]
[Date "2002.08.??"]
[Round "4.4"]
[White "Marchal, Stephane"]
[Black "Caron, Sebastien"]
[Result "1/2-1/2"]
[WhiteElo "1560"]
[BlackElo "1670"]
[PlyCount "64"]
[EventDate "2002.08.??"]
[SourceDate "2002.08.21"]

1. e4 c5 2. Nf3 d6 3. d4 cxd4 4. Nxd4 Nf6 5. Nc3 g6 6. Be3 Bg7 7. Be2 O-O 8.
O-O Nc6 9. Nf3 Bd7 10. h3 Rc8 11. Qd2 a6 12. Bh6 b5 13. Bxg7 Kxg7 14. a3 Qb6
15. Rfe1 Nd8 16. Rac1 Rc5 17. Bd3 a5 18. b4 axb4 19. axb4 Rc7 20. Nd5 Nxd5 21.
exd5 Re8 22. Qe3 Qxe3 23. Rxe3 Ra7 24. Nd4 Rb7 25. Ra1 e5 26. dxe6 Nxe6 27.
Nxe6+ Rxe6 28. Rxe6 fxe6 29. Ra6 d5 30. Ra5 Kf6 31. Kf1 Ke5 32. Ke2 Bc6 1/2-1/2

[Event "ChFRA - Open C"]
[Site "Val d'Isere"]
[Date "2002.08.??"]
[Round "4.6"]
[White "Balandraud, Andre"]
[Black "Deluchey, Jean-Philippe"]
[Result "1/2-1/2"]
[WhiteElo "1550"]
[BlackElo "1650"]
[PlyCount "43"]
[EventDate "2002.08.??"]
[SourceDate "2002.08.21"]

1. e4 c5 2. c3 Qa5 3. Nf3 Nc6 4. Qb3 e6 5. Na3 a6 6. Nc4 Qd8 7. d4 b5 8. Ne3
cxd4 9. cxd4 Bb4+ 10. Bd2 Bxd2+ 11. Kxd2 Qa5+ 12. Qc3 Nf6 13. Bd3 O-O 14. Qxa5
Nxa5 15. Rac1 Bb7 16. Ng5 h6 17. e5 hxg5 18. exf6 gxf6 19. f3 f5 20. Rc5 Rfc8
21. Rhc1 Rxc5 22. Rxc5 {=} 1/2-1/2

[Event "ChFRA - Open C"]
[Site "Val d'Isere"]
[Date "2002.08.??"]
[Round "5.1"]
[White "Carretier, Raoul"]
[Black "Burghwout, Petrus"]
[Result "1/2-1/2"]
[WhiteElo "1650"]
[BlackElo "1700"]
[PlyCount "46"]
[EventDate "2002.08.??"]
[SourceDate "2002.08.21"]

1. d4 Nc6 2. c4 e5 3. d5 Bb4+ 4. Bd2 Bxd2+ 5. Qxd2 Nce7 6. e4 d6 7. Nc3 f5 8.
f4 Ng6 9. fxe5 Nxe5 10. Nf3 Nxf3+ 11. gxf3 Qh4+ 12. Qf2 Qxf2+ 13. Kxf2 Nf6 14.
Re1 fxe4 15. Nxe4 O-O 16. Ng5 Ng4+ 17. Kg3 Ne5 18. Re3 Bf5 19. b3 Rae8 20. Ne4
Ng6 21. Bd3 Bxe4 22. Bxe4 Nf4 23. Rhe1 g6 1/2-1/2

[Event "ChFRA - Open C"]
[Site "Val d'Isere"]
[Date "2002.??.??"]
[Round "5.2"]
[White "Wolfangel, Claude"]
[Black "Deleva, Mathias"]
[Result "1-0"]
[WhiteElo "1680"]
[BlackElo "1620"]
[PlyCount "83"]
[EventDate "2002.08.??"]
[SourceDate "2002.08.21"]

1. d4 Nf6 2. c4 g6 3. Nc3 Bg7 4. e4 d6 5. Nf3 O-O 6. Be2 Nc6 7. Bg5 e5 8. dxe5
dxe5 9. Qxd8 Nxd8 10. Bxf6 Bxf6 11. Nd5 Bg7 12. Nxc7 Rb8 13. Rd1 Ne6 14. Nd5
Re8 15. O-O Nf4 16. Rd2 f5 17. Nc7 Re7 18. Nd5 Re8 19. Nxf4 exf4 20. exf5 Bxf5
21. Rfd1 Bf6 22. Bf1 Bg4 23. Be2 Rbd8 24. Rxd8 Bxd8 25. Kh1 Bf6 26. h3 Bh5 27.
b3 g5 28. Rd6 Bc3 29. Rd7 Bxf3 30. gxf3 Rb8 31. Bd3 h6 32. Be4 a5 33. Bxb7 Re8
34. Bd5+ Kh8 35. Be4 Kg8 36. c5 Rc8 37. c6 Be5 38. Ra7 Bc7 39. Bf5 Bb6 40. Bxc8
Bxa7 41. c7 Bb6 42. Be6+ 1-0

[Event "ChFRA - Open C"]
[Site "Val d'Isere"]
[Date "2002.08.??"]
[Round "5.3"]
[White "Ababsa, Turfek"]
[Black "Caron, Sebastien"]
[Result "0-1"]
[WhiteElo "1620"]
[BlackElo "1670"]
[PlyCount "78"]
[EventDate "2002.08.??"]
[SourceDate "2002.08.21"]

1. e4 c5 2. Nf3 d6 3. d3 Nc6 4. Nbd2 Nf6 5. g3 g6 6. Bg2 Bg7 7. h3 Bd7 8. a4 a6
9. O-O O-O 10. Re1 Qc7 11. Kh2 b5 12. Nf1 Rfb8 13. c3 b4 14. d4 bxc3 15. bxc3
cxd4 16. cxd4 Ne8 17. Be3 Rb4 18. Rc1 Qb7 19. e5 d5 20. Ng5 e6 21. Qf3 Nd8 22.
Qg4 Bxe5 23. Nf3 Bg7 24. Qh4 f6 25. Bh6 Bxa4 26. Ne3 Bxh6 27. Qxh6 Qg7 28.
Qxg7+ Kxg7 29. Re2 Rbb8 30. g4 Kf7 31. g5 Bb5 32. Rd2 Ra7 33. gxf6 Kxf6 34. Ne5
Nd6 35. N3g4+ Kg7 36. Rdc2 Nc4 37. Kg3 h5 38. Nxc4 Bxc4 39. Ne5 Rb3+ {
suite illisible.} 0-1

[Event "ChFRA - Open C"]
[Site "Val d'Isere"]
[Date "2002.08.??"]
[Round "5.4"]
[White "Subits, Vincent"]
[Black "Balandraud, Andre"]
[Result "1-0"]
[WhiteElo "1670"]
[BlackElo "1550"]
[PlyCount "109"]
[EventDate "2002.08.??"]
[SourceDate "2002.08.21"]

1. d4 Nf6 2. Nf3 e6 3. e3 Be7 4. Bd3 Nc6 5. c3 d5 6. O-O O-O 7. Nbd2 Bd6 8. e4
dxe4 9. Nxe4 Nxe4 10. Bxe4 f5 11. Bd3 Qe8 12. Re1 Qh5 13. Bd2 Bd7 14. Ne5 Qxd1
15. Raxd1 Nxe5 16. dxe5 Be7 17. Bc4 Rad8 18. Be3 c5 19. a3 f4 20. Bc1 b5 21.
Ba2 c4 22. b3 cxb3 23. Bxb3 Kh8 24. Rd3 Bc8 25. Red1 Rxd3 26. Rxd3 Rf5 27. h3
Rxe5 28. Bxf4 Rf5 29. Bd6 Bf6 30. g4 Rg5 31. f4 Rg6 32. Re3 h5 33. Bc2 Kh7 34.
Bxg6+ Kxg6 35. g5 Bd8 36. Re1 Bb6+ 37. Kh2 Kf7 38. Rb1 Bd7 39. Re1 g6 40. Rc1
Be3 41. Rc2 Ke8 42. c4 a6 43. Kg3 Bc6 44. cxb5 Bxb5 45. Bc5 Bxc5 46. Rxc5 Kd7
47. Rc1 Ke7 48. h4 Kd7 49. Kf3 Bc6+ 50. Ke3 Bb5 51. Ke4 Kd6 52. Kd4 Bc6 53.
Rxc6+ Kxc6 54. Ke5 Kd7 55. Kf6 1-0

[Event "ChFRA - Open C"]
[Site "Val d'Isere"]
[Date "2002.08.??"]
[Round "6.1"]
[White "Burghwout, Petrus"]
[Black "Wolfangel, Claude"]
[Result "1-0"]
[WhiteElo "1700"]
[BlackElo "1680"]
[PlyCount "53"]
[EventDate "2002.08.??"]
[SourceDate "2002.08.21"]

1. Nc3 e6 2. f4 d5 3. g3 d4 4. Ne4 b6 $2 5. Bg2 c6 6. b3 Bb7 7. Bb2 Be7 8. e3
f5 {#} 9. Bxd4 $1 fxe4 $2 (9... Nf6) 10. Bxg7 Bf6 11. Qh5+ Ke7 12. Bxh8 Bxh8
13. Qxh7+ Kf8 14. Qxb7 Bxa1 15. Qxa8 Qc7 16. Bxe4 Ne7 17. c4 b5 18. Nf3 Nc8 19.
c5 Bb2 20. O-O Ba3 21. d4 Bb4 22. Rf2 Ke7 23. Ne5 Bxc5 24. dxc5 Qa5 25. Qxb8
Qe1+ 26. Kg2 Qxe3 27. Qc7+ 1-0

[Event "ChFRA - Open C"]
[Site "Val d'Isere"]
[Date "2002.08.??"]
[Round "6.2"]
[White "Caron, Sebastien"]
[Black "Deluchey, Jean-Philippe"]
[Result "1/2-1/2"]
[WhiteElo "1670"]
[BlackElo "1650"]
[PlyCount "51"]
[EventDate "2002.08.??"]
[SourceDate "2002.08.21"]

1. e4 c5 2. Nf3 g6 3. d4 cxd4 4. Nxd4 Bg7 5. Nc3 Nc6 6. Be3 Nf6 7. Bc4 O-O 8.
f3 Qb6 9. Bb5 Nxe4 10. Bxc6 Nxc3 11. bxc3 Bxd4 12. cxd4 dxc6 13. O-O Qa5 14.
Qd2 Qxd2 15. Bxd2 Rd8 16. Be3 Bf5 17. c3 b5 18. a3 a5 19. Rf2 Rab8 20. Rb2 Be6
21. Rab1 a4 22. Kf2 Bb3 23. Re1 e6 24. Bg5 Rd5 25. Be7 Re8 26. Bb4 1/2-1/2

[Event "ChFRA - Open C"]
[Site "Val d'Isere"]
[Date "2002.08.??"]
[Round "6.3"]
[White "Corneloup, Jerome"]
[Black "Subits, Vincent"]
[Result "0-1"]
[WhiteElo "1499"]
[BlackElo "1670"]
[PlyCount "138"]
[EventDate "2002.08.??"]
[SourceDate "2002.08.21"]

1. b3 d5 2. Bb2 e6 3. e3 Nf6 4. Nf3 Bd6 5. Be2 O-O 6. O-O Ng4 7. h3 Nf6 8. c4
dxc4 9. Bxc4 Nc6 10. a3 Re8 11. b4 a6 12. d3 e5 13. e4 Be6 14. Nbd2 b5 15. Bb3
Bxb3 16. Nxb3 Qe7 17. Qc2 Qd7 18. Rac1 Na7 19. Rfd1 Qe6 20. Nc5 Bxc5 21. Qxc5
Nd7 22. Qc3 c6 23. d4 f6 24. Qd3 Rad8 25. Qe3 exd4 26. Bxd4 Nc8 27. Ba1 Nb8 28.
Rxd8 Rxd8 29. Nd4 Qd7 30. Rc2 Nb6 31. Qe1 Nc4 32. Ra2 Qf7 33. Qe2 Qd7 34. Bc3
Qd6 35. Ra1 Re8 36. f3 Qf4 37. Ra2 Qe3+ 38. Qxe3 Nxe3 39. Kf2 Nd1+ 40. Kf1 Nxc3
41. Rc2 Na4 42. Nxc6 Nxc6 43. Rxc6 Ra8 44. Rc7 Nb2 45. Ke2 Nc4 46. Kd3 Nxa3 47.
Kc3 Nc4 48. g3 Ne5 49. f4 Nc4 50. Rb7 Nd6 51. Re7 Re8 52. Ra7 Nxe4+ 53. Kd4
Nxg3 54. Rxa6 Rc8 55. Kd5 Rc4 56. Ke6 Re4+ 57. Kd6 Rxb4 58. Ke6 Re4+ 59. Kd6 b4
60. Rb6 Rxf4 61. Ke7 Re4+ 62. Kd6 h6 63. Kd7 Nf1 64. Kd6 Nd2 65. Kd5 Rh4 66.
Ke6 b3 67. Kf5 Kh7 68. Re6 Rb4 69. h4 b2 0-1